[Event "4NCL/Div1/WG1-AD"]
[Site "Rd2-Birmingham"]
[Date "1999.10.10"]
[Round "2.6"]
[White "Bellin, Jana"]
[Black "Littlewood, Paul"]
[Result "1/2-1/2"]
[WhiteElo "2163"]
[BlackElo "2411"]
[PlyCount "71"]
[EventDate "1999.10.10"]
[SourceDate "2000.01.01"]

1. d4 Nf6 2. Nf3 e6 3. Bg5 c5 4. e3 Qb6 5. Qc1 Nc6 6. c3 Be7 7. Bd3 h6 8. Bh4
d5 9. Nbd2 Bd7 10. O-O cxd4 11. exd4 Rc8 12. Qb1 Nh5 13. Bxe7 Nxe7 14. Ne5 Bb5
15. Qd1 Bxd3 16. Nxd3 Nf6 17. Re1 O-O 18. Nf3 Nf5 19. Nfe5 Nd6 20. Qf3 a5 21.
Re2 a4 22. a3 Qb5 23. Rae1 b6 24. Nf4 Nde4 25. Nh5 Nxh5 26. Qxh5 Nf6 27. Qf3
Rc7 28. Qd3 Qxd3 29. Nxd3 Rfc8 30. f3 Ne8 31. Ne5 Nd6 32. g3 Nc4 33. Nxc4 Rxc4
34. f4 R4c6 35. f5 Re8 36. fxe6 1/2-1/2

[Event "4NCL/Div1/WG1-AD"]
[Site "Rd2-Birmingham"]
[Date "1999.10.10"]
[Round "2.7"]
[White "Lee, Graham"]
[Black "Anderton, David"]
[Result "1/2-1/2"]
[WhiteElo "2328"]
[BlackElo "2228"]
[PlyCount "91"]
[EventDate "1999.10.10"]
[SourceDate "2000.01.01"]

1. e4 e6 2. d4 d5 3. e5 c5 4. c3 Nc6 5. Nf3 Nh6 6. Bd3 cxd4 7. cxd4 Nf5 8. Bxf5
exf5 9. Nc3 Be6 10. h4 Be7 11. Bg5 h6 12. Bxe7 Qxe7 13. Qd2 a6 14. Rc1 O-O 15.
O-O Qb4 16. a3 Qa5 17. Rc2 Rac8 18. Rfc1 Kh7 19. Qe3 Ne7 20. Ne2 Rc4 21. Nd2
Rxc2 22. Rxc2 Rc8 23. Rxc8 Bxc8 24. f4 Qb6 25. Qc3 Bd7 26. Qb3 Qxb3 27. Nxb3 b6
28. Nc3 Kg6 29. g3 Kh5 30. Kg2 g5 31. hxg5 hxg5 32. Kh3 Bc6 33. Nc1 Ng6 34. Nd3
Bb5 35. Nxb5 axb5 36. b3 Nf8 37. Nb4 Ne6 38. Nxd5 Nxd4 39. b4 Nc2 40. Ne7 Nxa3
41. Nxf5 gxf4 42. gxf4 Nc2 43. Nd6 Kg6 44. Kg4 Nxb4 45. f5+ Kg7 46. Nxb5
1/2-1/2

[Event "4NCL/Div1/WG1-AD"]
[Site "Rd2-Birmingham"]
[Date "1999.10.10"]
[Round "2.8"]
[White "Edwards, Ray"]
[Black "Jackson, Sheila"]
[Result "1/2-1/2"]
[WhiteElo "2064"]
[BlackElo "2186"]
[PlyCount "89"]
[EventDate "1999.10.10"]
[SourceDate "2000.01.01"]

1. d4 Nf6 2. c4 e6 3. Nc3 Bb4 4. Bg5 c5 5. d5 h6 6. Bh4 e5 7. e3 d6 8. Nge2 g5
9. Bg3 Ne4 10. f3 Bxc3+ 11. Nxc3 Nxc3 12. bxc3 Bf5 13. Bd3 Bxd3 14. Qxd3 Nd7
15. O-O Qe7 16. Qf5 O-O-O 17. f4 f6 18. Qe4 Qh7 19. f5 h5 20. Rfb1 h4 21. Be1
Rdg8 22. Rb2 g4 23. Qb1 Nb6 24. Qd3 g3 25. h3 e4 26. Qxe4 Re8 27. Qd3 Qe7 28.
Re2 Qe4 29. Rd1 Rh5 30. Qb1 Qxb1 31. Rxb1 Rxf5 32. e4 Rfe5 33. Bd2 Nxc4 34. Rf1
Rxe4 35. Rxe4 Rxe4 36. Bh6 Kd7 37. Rxf6 Re1+ 38. Rf1 Rxf1+ 39. Kxf1 Ne5 40. Bg5
Ng6 41. Ke2 c4 42. Ke3 b5 43. Ke4 Ke8 44. Kd4 Kf7 45. Ke4 1/2-1/2

[Event "4NCL/Div1/BIG-BAR"]
[Site "Rd3-Birmingham"]
[Date "1999.11.20"]
[Round "3.2"]
[White "Crouch, Colin"]
[Black "McShane, Luke"]
[Result "1/2-1/2"]
[WhiteElo "2423"]
[BlackElo "2467"]
[PlyCount "84"]
[EventDate "1999.11.??"]
[SourceDate "2000.01.01"]

1. d4 Nf6 2. c4 g6 3. Nc3 Bg7 4. e4 d6 5. Bg5 h6 6. Bh4 g5 7. Bg3 c5 8. dxc5
Qa5 9. Qd2 dxc5 10. h4 Nh5 11. Bxb8 Rxb8 12. hxg5 hxg5 13. O-O-O Nf4 14. Rxh8+
Bxh8 15. Nb5 Qxd2+ 16. Rxd2 Bd7 17. g3 Ng6 18. Bh3 Bc6 19. Nxa7 Bxe4 20. f3 Bd4
21. Rxd4 cxd4 22. fxe4 Ne5 23. Nb5 d3 24. b3 e6 25. g4 Rd8 26. Kd2 Ke7 27. Nc3
Rh8 28. Nd1 f5 29. exf5 exf5 30. Nf2 fxg4 31. Nxg4 Nxg4 32. Bxg4 Rh2+ 33. Kxd3
Rg2 34. Bf3 Rxg1 35. Bxb7 g4 36. Ke2 {(Draw offer)} Ra1 37. Kf2 Kf6 38. Kg3 Kg5
39. c5 Rg1+ 40. Kf2 Rc1 41. b4 Kf4 42. a4 g3+ 1/2-1/2

[Event "4NCL/Div1/BIG-BAR"]
[Site "Rd3-Birmingham"]
[Date "1999.11.20"]
[Round "3.3"]
[White "Webster, Andrew"]
[Black "Collinson, Adam"]
[Result "1/2-1/2"]
[WhiteElo "2427"]
[BlackElo "2405"]
[PlyCount "54"]
[EventDate "1999.11.??"]
[SourceDate "2000.01.01"]

1. c4 e5 2. g3 Nf6 3. Bg2 Be7 4. Nc3 O-O 5. Nf3 Nc6 6. O-O d6 7. d4 exd4 8.
Nxd4 Ne5 9. b3 Rb8 10. f4 Ng6 11. Bb2 Re8 12. e4 Bd7 13. Nf5 Bf8 14. Nd5 Nxd5
15. cxd5 Ne7 16. Ne3 c6 17. f5 Nxd5 18. Ng4 Nc7 19. Rf4 f6 20. Qd4 Qe7 21. Qxa7
d5 22. Rc1 dxe4 23. Rxe4 Qd6 24. Rd4 Nd5 25. Qa5 Ra8 26. Qd2 Rxa2 27. b4 Bxf5
1/2-1/2

[Event "4NCL/Div1/BIG-BAR"]
[Site "Rd3-Birmingham"]
[Date "1999.11.20"]
[Round "3.4"]
[White "Knott, Simon"]
[Black "Arkell, Keith"]
[Result "0-1"]
[WhiteElo "2348"]
[BlackElo "2462"]
[PlyCount "130"]
[EventDate "1999.11.??"]
[SourceDate "2000.01.01"]

1. c4 c5 2. g3 Nc6 3. Bg2 g6 4. Nc3 Bg7 5. e4 Rb8 6. Nge2 a6 7. a4 e6 8. O-O
Nge7 9. d3 O-O 10. Rb1 d6 11. Be3 Nd4 12. b4 Nec6 13. b5 axb5 14. axb5 Ne7 15.
Bg5 h6 16. Bd2 Ra8 17. Nxd4 cxd4 18. Ne2 d5 19. exd5 exd5 20. c5 Bf5 21. Qb3 g5
22. h3 Qc8 23. g4 Be6 24. f4 gxf4 25. Rbc1 h5 26. Nxf4 hxg4 27. Nxe6 fxe6 28.
Rxf8+ Qxf8 29. hxg4 Ng6 30. c6 bxc6 31. bxc6 Nf4 32. Bf1 Bh6 33. Qd1 Qg7 34.
Rc2 Rc8 35. Bc1 Bg5 36. Qf3 {(Draw offer)} Qe5 37. Bd2 Qd6 38. Bc1 Kg7 39. Bd2
Rf8 40. Bc1 Rf7 41. Bd2 Qc7 42. Bc1 Ng6 43. Qxf7+ Kxf7 44. Bxg5 Kg7 45. Bg2 {
(Draw offer)} Qc8 46. c7 Ne5 47. Bd8 Nxd3 48. g5 Nb4 49. Rc1 d3 50. Bh3 d2 51.
Rd1 Nc6 52. Rxd2 Nxd8 53. cxd8=Q Qxd8 54. Re2 d4 55. Bxe6 d3 56. Re1 Qxg5+ 57.
Kf2 Qf6+ 58. Kg2 d2 59. Rd1 Qxe6 60. Rxd2 Qe3 61. Rf2 Kg6 62. Rf8 Qg5+ 63. Kf3
Qd5+ 64. Ke2 Qb5+ 65. Kd1 Qd7+ 0-1

[Event "4NCL/Div1/BIG-BAR"]
[Site "Rd3-Birmingham"]
[Date "1999.11.20"]
[Round "3.5"]
[White "Kelly, Brian"]
[Black "Dishman, Stephen"]
[Result "1-0"]
[WhiteElo "2417"]
[BlackElo "2364"]
[PlyCount "47"]
[EventDate "1999.11.??"]
[SourceDate "2000.01.01"]

1. c4 e5 2. g3 d6 3. Bg2 g6 4. Nc3 Bg7 5. d3 f5 6. e4 Nc6 7. Nge2 Nf6 8. O-O
O-O 9. exf5 Bxf5 10. h3 Qd7 11. Kh2 h5 12. Be3 Nh7 13. d4 exd4 14. Nxd4 Bxd4
15. Bxd4 Ng5 16. Nd5 Bxh3 17. Nf6+ Rxf6 18. Bxf6 Bxg2 19. Kxg2 Qh3+ 20. Kg1 Ne6
21. Qd5 Rf8 22. Bc3 Kh7 23. Rae1 Nc5 24. Re8 1-0

[Event "4NCL/Div1/BIG-BAR"]
[Site "Rd3-Birmingham"]
[Date "1999.11.20"]
[Round "3.6"]
[White "Lehtivaara, Petri"]
[Black "Baker, Chris W"]
[Result "0-1"]
[WhiteElo "2336"]
[BlackElo "2357"]
[PlyCount "104"]
[EventDate "1999.11.??"]
[SourceDate "2000.01.01"]

1. d4 Nf6 2. c4 e6 3. Nf3 c5 4. d5 exd5 5. cxd5 d6 6. Nc3 g6 7. e4 Bg7 8. h3
O-O 9. Bd3 b5 10. Nxb5 Nxe4 11. O-O f5 12. Re1 Re8 13. Qb3 Na6 14. Bf4 Rb8 15.
Qa4 Qd7 16. Qc4 Nb4 17. a4 Bb7 18. Rxe4 fxe4 19. Bxe4 Rxe4 20. Qxe4 Bxd5 21.
Qe2 Re8 22. Qd1 Re6 23. Ng5 Rf6 24. Bd2 Qf5 25. f4 Nd3 26. g4 Qd7 27. Bc3 Nxf4
28. Bxf6 Bxf6 29. Nc3 Bxc3 30. bxc3 Qe7 31. Qe1 Qxg5 32. Qe8+ Kg7 33. Re1 Bf7
34. Qe3 Qh4 35. Kh2 Nxh3 36. Qg3 Qxg3+ 37. Kxg3 Ng5 38. a5 Kf6 39. Kf4 Bc4 40.
Rb1 Ne6+ 41. Ke3 a6 42. Rb7 h6 43. Rd7 d5 44. Kf3 Ke5 45. Kg3 d4 46. cxd4+ cxd4
47. Kf2 Kf4 48. Rd6 d3 49. Rc6 Bb3 50. Rd6 Nc5 51. Ke1 Ke3 52. Rd8 d2+ 0-1

[Event "4NCL/Div1/BIG-BAR"]
[Site "Rd3-Birmingham"]
[Date "1999.11.20"]
[Round "3.7"]
[White "Ferguson, Mark"]
[Black "Rogers, Jonathan"]
[Result "1/2-1/2"]
[WhiteElo "2371"]
[BlackElo "2340"]
[PlyCount "131"]
[EventDate "1999.11.??"]
[SourceDate "2000.01.01"]

1. e4 e5 2. d4 exd4 3. Qxd4 Nc6 4. Qe3 g6 5. Bc4 Bg7 6. Ne2 Nf6 7. Nbc3 O-O 8.
f3 Nb4 9. Bb3 d5 10. a3 c5 11. axb4 d4 12. Qf2 dxc3 13. bxc3 cxb4 14. Be3 bxc3
15. O-O Be6 16. Rfb1 b6 17. Bd4 Qc7 18. Nxc3 Bxb3 19. cxb3 Rfd8 20. Bxf6 Bxf6
21. Nd5 Rxd5 22. exd5 Bxa1 23. Rxa1 Qc3 24. Rd1 Qxb3 25. Qd4 Qb5 26. Rc1 Rd8
27. d6 Qd7 28. Re1 Qc6 29. Rd1 Qc5 30. Qxc5 bxc5 31. Kf2 f6 32. Ra1 Rd7 33. Ra5
Kf7 34. Rxc5 Ke6 35. Ra5 Kxd6 36. Ke3 f5 37. Kd4 Kc6+ 38. Ke5 Kb6 39. Ra2 a5
40. h4 Kb5 41. h5 a4 42. hxg6 hxg6 43. Rb2+ Ka5 44. Rb8 Rd2 45. Ra8+ Kb4 46. g4
fxg4 47. fxg4 a3 48. Rb8+ Kc4 49. Rc8+ Kb3 50. Rb8+ Kc3 51. Rc8+ Kb2 52. Rb8+
Kc1 53. Ra8 Kb2 54. Rb8+ Ka1 55. Rg8 Re2+ 56. Kf6 a2 57. Kxg6 Kb1 58. Ra8 a1=Q
59. Rxa1+ Kxa1 60. g5 Kb2 61. Kf6 Rf2+ 62. Ke5 Rg2 63. Kf6 Kc3 64. g6 Kd4 65.
g7 Rxg7 66. Kxg7 1/2-1/2

[Event "4NCL/Div1/BIG-BAR"]
[Site "Rd3-Birmingham"]
[Date "1999.11.20"]
[Round "3.8"]
[White "Kieran, Rosalind"]
[Black "Regan, Natasha"]
[Result "0-1"]
[WhiteElo "2079"]
[BlackElo "2184"]
[PlyCount "110"]
[EventDate "1999.11.??"]
[SourceDate "2000.01.01"]

1. e4 Nf6 2. e5 Nd5 3. d4 d6 4. c4 Nb6 5. exd6 exd6 6. Nf3 Be7 7. Be2 O-O 8.
O-O Bf5 9. Nc3 Bf6 10. Be3 d5 11. c5 Nc4 12. Bc1 b6 13. b3 Na5 14. Ba3 Re8 15.
Rc1 c6 16. Na4 Nd7 17. Bb4 bxc5 18. Nxc5 Rb8 19. Bd2 Qb6 20. Na4 Qc7 21. Bxa5
Qxa5 22. Rxc6 Rbc8 23. Rxc8 Rxc8 24. Bd3 Be4 25. Qe2 Bxd3 26. Qxd3 Nb6 27. Nxb6
axb6 28. Re1 g6 29. Qe2 Qc3 30. Rd1 Rc6 31. Qe8+ Kg7 32. Ne5 Rc7 33. Nd7 Rc8
34. Qe3 Bxd4 35. Qxc3 Rxc3 36. g3 Rc7 37. Rxd4 {(Draw offer)} Rxd7 38. Kg2 Kf6
39. f4 Ke6 40. Kf3 Rc7 41. h3 Rc3+ 42. Kg4 f5+ 43. Kh4 Kd6 44. g4 Kc5 45. Rd2
d4 46. gxf5 gxf5 47. Kg5 d3 48. Kxf5 Kd4 49. Kg4 Rc2 50. Rd1 d2 51. f5 Rxa2 52.
f6 Ke3 53. f7 Ra8 54. Rf1 Rf8 55. Kg3 Ke2 0-1

[Event "4NCL/Div1/SL-NWE"]
[Site "Rd4-Birmingham"]
[Date "1999.11.21"]
[Round "4.1"]
[White "Hebden, Mark"]
[Black "Tebb, David"]
[Result "1/2-1/2"]
[WhiteElo "2510"]
[BlackElo "2272"]
[PlyCount "75"]
[EventDate "1999.11.??"]
[SourceDate "2000.01.01"]

1. d4 Nf6 2. Nf3 c5 3. d5 e6 4. Nc3 exd5 5. Nxd5 Nxd5 6. Qxd5 d6 7. e4 Nc6 8.
Be2 Be6 9. Qg5 Qb6 10. c3 h6 11. Qg3 O-O-O 12. O-O g5 13. Ne1 Be7 14. Bg4 h5
15. Bxe6+ fxe6 16. Bxg5 h4 17. Qg4 Bxg5 18. Qxg5 Qxb2 19. Qc1 Qe2 20. Qc2 Qxc2
21. Nxc2 h3 22. g3 d5 23. exd5 Rxd5 24. Rfd1 Rhd8 25. Ne3 Rd2 26. Rxd2 Rxd2 27.
f4 b5 28. Ng4 Rg2+ 29. Kf1 Kd7 30. Rd1+ Ke7 31. Re1 Rxa2 32. f5 e5 33. Nxe5
Nxe5 34. Rxe5+ Kd6 35. Re4 Rxh2 36. f6 Rh1+ 37. Kf2 Rh2+ 38. Ke3 1/2-1/2

[Event "4NCL/Div1/SL-NWE"]
[Site "Rd4-Birmingham"]
[Date "1999.11.21"]
[Round "4.2"]
[White "Kennaugh, Charles"]
[Black "Turner, Matthew"]
[Result "0-1"]
[WhiteElo "2290"]
[BlackElo "2478"]
[PlyCount "106"]
[EventDate "1999.11.??"]
[SourceDate "2000.01.01"]

1. e4 c5 2. Nc3 Nc6 3. Bb5 Nd4 4. Nf3 Nxb5 5. Nxb5 g6 6. d4 Bg7 7. c4 cxd4 8.
Nbxd4 d6 9. O-O Nf6 10. Re1 O-O 11. b3 a5 12. a4 Bg4 13. Bb2 Nd7 14. Qc2 Nc5
15. Nd2 Qb6 16. h3 Bd7 17. N2f3 e5 18. Nb5 f5 19. exf5 Bxf5 20. Qc3 Nd3 21. Re3
Nxb2 22. Qxb2 e4 23. Nfd4 d5 24. Rd1 dxc4 25. Qe2 cxb3 26. Nxf5 Rxf5 27. Qc4+
Kh8 28. Qxb3 Raf8 29. Nd6 Qxb3 30. Rxb3 Rxf2 31. Nxe4 R2f4 32. Ng5 Bd4+ 33. Kh1
b6 34. Ne6 Rf1+ 35. Rxf1 Rxf1+ 36. Kh2 Bg1+ 37. Kg3 Rf6 38. Nc7 Bf2+ 39. Kh2
Rf4 40. Nd5 Rxa4 41. Rf3 Bd4 42. Rf7 Ra3 43. g4 g5 44. Ne7 Be5+ 45. Kg2 Rg3+
46. Kf2 Rxh3 47. Nf5 Kg8 48. Re7 Bf4 49. Rb7 a4 50. Rxb6 a3 51. Ra6 a2 52. Kg1
Rh2 53. Nd4 Rb2 0-1

[Event "4NCL/Div1/SL-NWE"]
[Site "Rd4-Birmingham"]
[Date "1999.11.21"]
[Round "4.3"]
[White "Kosten, Anthony"]
[Black "Lund, Brett"]
[Result "1-0"]
[WhiteElo "2515"]
[BlackElo "2291"]
[PlyCount "123"]
[EventDate "1999.11.??"]
[SourceDate "2000.01.01"]

1. d4 d6 2. e4 Nf6 3. Nc3 c6 4. Nf3 Bg4 5. h3 Bh5 6. g4 Bg6 7. Qe2 e6 8. h4 h5
9. g5 Nfd7 10. Bh3 Be7 11. Be3 O-O 12. Nd2 d5 13. f4 dxe4 14. Ncxe4 Nb6 15. c4
Na6 16. a3 Bxe4 17. Nxe4 g6 18. O-O-O Nc7 19. Kb1 Ne8 20. Rhe1 Ng7 21. Nc3 Re8
22. Qd3 Qc7 23. Ne4 Rad8 24. Qf1 Nf5 25. Bxf5 exf5 26. Nd2 c5 27. d5 Bd6 28. b3
Re7 29. Qf2 Rde8 30. Kc2 Nd7 31. Nb1 a6 32. Nc3 Qa5 33. Bd2 Qc7 34. Rxe7 Rxe7
35. Rf1 Qb8 36. a4 Qe8 37. Kd1 f6 38. Re1 fxg5 {(Draw offer)} 39. Rxe7 Qxe7 40.
fxg5 Kf7 41. Bf4 Bxf4 42. Qxf4 Qe5 43. Qxe5 Nxe5 44. Ke2 Ke7 45. Ke3 Kd6 46. a5
Ng4+ 47. Kf4 Ne5 48. Ne2 Nd3+ 49. Ke3 Ne5 50. Nf4 Ng4+ 51. Kd2 Ne5 52. Kc3 Kd7
53. b4 Kd6 54. Kb3 cxb4 55. Kxb4 Ke7 56. Kc5 Nd7+ 57. Kd4 Nf8 58. c5 Kd7 59.
Ke5 Ke7 60. c6 bxc6 61. dxc6 Kd8 62. Kd6 1-0

[Event "4NCL/Div1/SL-NWE"]
[Site "Rd4-Birmingham"]
[Date "1999.11.21"]
[Round "4.4"]
[White "Quillan, Gary"]
[Black "McNab, Colin"]
[Result "0-1"]
[WhiteElo "2349"]
[BlackElo "2445"]
[PlyCount "46"]
[EventDate "1999.11.??"]
[SourceDate "2000.01.01"]

1. e4 g6 2. d4 d6 3. Nc3 c6 4. Be3 Nf6 5. Qd2 Qa5 6. Nf3 Bg7 7. Bd3 Bg4 8.
O-O-O Bxf3 9. gxf3 Nbd7 10. Kb1 Qc7 11. Be2 b5 12. e5 dxe5 13. dxe5 Qxe5 14. f4
Qc7 15. Bf3 O-O 16. h4 Nb6 17. Bd4 Nc4 18. Qe2 Rad8 19. f5 Qf4 20. Be3 Qxf5 21.
Bxc6 Rc8 22. Bg2 Nxb2 23. Kxb2 Ne4 0-1

[Event "4NCL/Div1/SL-NWE"]
[Site "Rd4-Birmingham"]
[Date "1999.11.21"]
[Round "4.5"]
[White "Summerscale, Aaron"]
[Black "Hague, Ben"]
[Result "1-0"]
[WhiteElo "2423"]
[BlackElo "2240"]
[PlyCount "107"]
[EventDate "1999.11.??"]
[SourceDate "2000.01.01"]

1. d4 g6 2. e4 Bg7 3. c4 d6 4. Nc3 Nf6 5. Nf3 O-O 6. Be2 e5 7. O-O exd4 8. Nxd4
Re8 9. f3 a6 10. Bg5 Nbd7 11. Qd2 Nf8 12. Rfd1 Ne6 13. Nxe6 Bxe6 14. Rac1 Qb8
15. Nd5 Nd7 16. Bf1 Kh8 17. Bh6 a5 18. b3 Qd8 19. Bg5 Qb8 20. Nf4 Nc5 21. Kh1
Kg8 22. g3 Qc8 23. Re1 Kh8 24. Bg2 Ra6 25. Nxe6 fxe6 26. Be3 Nd7 27. f4 Rf8 28.
Rf1 Ra8 29. Rcd1 Rf7 30. Qe2 a4 31. b4 a3 32. c5 dxc5 33. bxc5 Qf8 34. e5 Nxc5
35. Qc4 Na4 36. Qxe6 Ra6 37. Qb3 Nb2 38. Rde1 c6 39. Bc5 Qe8 40. Bxa3 Nc4 41.
Bb4 b5 42. Rd1 Rfa7 43. Qd3 Ra8 44. Rf2 h5 45. Be4 Kh7 46. Qf3 Kh8 47. g4 Rxa2
48. Rxa2 Rxa2 49. gxh5 gxh5 50. Bxc6 Nxe5 51. fxe5 Qxe5 52. Rd8+ Kh7 53. Qd3+
Kh6 54. Bd2+ 1-0

[Event "4NCL/Div1/SL-NWE"]
[Site "Rd4-Birmingham"]
[Date "1999.11.21"]
[Round "4.6"]
[White "Merriman, John"]
[Black "Buckley, Graeme"]
[Result "1/2-1/2"]
[WhiteElo "2250"]
[BlackElo "2320"]
[PlyCount "107"]
[EventDate "1999.11.??"]
[SourceDate "2000.01.01"]

1. d4 d5 2. c4 e6 3. Nc3 c5 4. cxd5 cxd4 5. Qxd4 Nc6 6. Qd1 exd5 7. Qxd5 Bd7 8.
Bg5 f6 9. Bd2 Nge7 10. Qb3 Nd4 11. Qd1 Nec6 12. e3 Qe7 13. Nge2 Nxe2 14. Bxe2
O-O-O 15. O-O Kb8 16. Qc2 g5 17. Rad1 Be6 18. Qa4 Qf7 19. f4 gxf4 20. Qxf4+ Bd6
21. Qxf6 Qe8 22. Qh4 Rg8 23. Bh5 Qd7 24. Ne4 Bd5 25. Bc3 Qe6 26. Rxd5 Qxd5 27.
Bf7 Qd3 28. Bxg8 Qxe3+ 29. Kh1 Qd3 30. Re1 Rxg8 31. Nxd6 Qxd6 32. Qxh7 Qd5 33.
Qe4 Qxa2 34. Qe6 Qxe6 35. Rxe6 Kc7 36. Kg1 b5 37. h4 b4 38. Bf6 Kd7 39. Re2 Rg6
40. Bg5 a5 41. Kf2 Kd6 42. Kg3 Nd4 43. Rd2 Ke5 44. Kg4 Rg8 45. Kh5 b3 46. Kh6
Rc8 47. g4 Rc6+ 48. Kh7 Rc2 49. Rxc2 bxc2 50. h5 Ne2 51. Bd2 Ke4 52. h6 Kd3 53.
Bg5 Ke4 54. Bd2 1/2-1/2

[Event "4NCL/Div1/SL-NWE"]
[Site "Rd4-Birmingham"]
[Date "1999.11.21"]
[Round "4.7"]
[White "Lalic, Susan"]
[Black "James, Dale"]
[Result "1-0"]
[WhiteElo "2318"]
[BlackElo "2239"]
[PlyCount "77"]
[EventDate "1999.11.??"]
[SourceDate "2000.01.01"]

1. e4 c5 2. Nc3 Nc6 3. Bb5 g6 4. Bxc6 bxc6 5. d3 d5 6. f4 Bg7 7. e5 f6 8. Nf3
Bg4 9. O-O Nh6 10. Qe1 Nf7 11. exf6 Bxf6 12. Ne5 Bc8 13. Nxc6 Qd6 14. Ne5 O-O
15. Bd2 Bb7 16. Nb5 Qb6 17. a4 Nxe5 18. fxe5 Bg7 19. Qh4 a6 20. Nc3 Bxe5 21.
Qxe7 Bf6 22. Qd7 Rad8 23. a5 Rxd7 24. axb6 Rdf7 25. Kh1 Bxc3 26. Rxf7 Rxf7 27.
bxc3 Rf2 28. Bh6 d4 29. Re1 Kf7 30. Bg5 h6 31. Re7+ Kf8 32. Kg1 Rxg2+ 33. Kf1
hxg5 34. Rxb7 Rxc2 35. cxd4 cxd4 36. Rc7 Rb2 37. b7 Rb1+ 38. Kf2 Rb2+ 39. Kf3
1-0

[Event "4NCL/Div1/SL-NWE"]
[Site "Rd4-Birmingham"]
[Date "1999.11.21"]
[Round "4.8"]
[White "Chevannes, Sabrina"]
[Black "Tucker, Alex"]
[Result "0-1"]
[WhiteElo "1488"]
[BlackElo "2213"]
[PlyCount "64"]
[EventDate "1999.11.??"]
[SourceDate "2000.01.01"]

1. d4 Nf6 2. Nf3 g6 3. Bg5 Bg7 4. e3 O-O 5. Nbd2 d6 6. Bd3 Nbd7 7. c3 h6 8. Bh4
e5 9. Qb3 Kh7 10. Qc2 Qe8 11. h3 b6 12. Ne4 Ng8 13. Ned2 f5 14. Ng1 Bb7 15.
dxe5 dxe5 16. f3 Nc5 17. Bf1 e4 18. f4 Qe6 19. Bc4 Bd5 20. Bxd5 Qxd5 21. Ne2
Qd3 22. Qxd3 Nxd3+ 23. Kf1 Nxb2 24. Rb1 Nd3 25. Nb3 c5 26. a3 Nf6 27. c4 Ne8
28. Nd2 Rf7 29. Rb3 Rd7 30. Kg1 Nb2 31. Nf1 Nxc4 32. Kh2 Rd3 0-1

[Event "4NCL/Div1/BR-WG1"]
[Site "Rd3-Birmingham"]
[Date "1999.11.20"]
[Round "3.1"]
[White "Ansell, Simon"]
[Black "Baburin, Alexander"]
[Result "1/2-1/2"]
[WhiteElo "2373"]
[BlackElo "2593"]
[PlyCount "164"]
[EventDate "1999.11.20"]
[SourceDate "2000.01.01"]

1. e4 Nf6 2. e5 Nd5 3. d4 d6 4. c4 Nb6 5. exd6 exd6 6. Nf3 Be7 7. Be2 O-O 8.
O-O Bf6 9. Be3 Nc6 10. Nbd2 Re8 11. Rc1 d5 12. c5 Nd7 13. Re1 Nf8 14. Bd3 Ne6
15. Nb3 a5 16. a4 Bd7 17. Qd2 Nb4 18. Bb5 Bxb5 19. axb5 Qd7 20. c6 bxc6 21. Ra1
c5 22. dxc5 Qxb5 23. Nbd4 Nxd4 24. Nxd4 Qxc5 25. Rac1 Qb6 26. Nc6 Qb7 27. Nxa5
Rxa5 28. Bc5 Raa8 29. Bxb4 h6 30. h3 Bg5 31. f4 Bf6 32. Kh2 c6 33. Bc3 d4 34.
Bb4 Qd7 35. Qd3 Rab8 36. Rxe8+ Rxe8 37. Bd2 Qd5 38. b4 Qb5 39. Qf3 Re6 40. Rd1
d3 41. Be3 Rd6 42. Qe4 Rd8 43. Bd2 c5 44. bxc5 Qxc5 45. Be3 Qb5 46. Qf3 h5 47.
Kh1 g6 48. Kh2 Bc3 49. Bf2 Qd5 50. Qxd5 Rxd5 51. Kg3 d2 52. Kf3 Kg7 53. Be3 Kf6
54. g4 Ke6 55. Ke2 f5 56. gxh5 gxh5 57. h4 Rb5 58. Bxd2 Rb2 59. Ke3 Bf6 60. Be1
Rh2 61. Kf3 Bxh4 62. Bxh4 Rxh4 63. Re1+ Kf6 64. Ra1 Rh3+ 65. Kf2 h4 66. Ra6+
Kg7 67. Ra7+ Kg6 68. Ra8 Rd3 69. Rg8+ Kf7 70. Rh8 h3 71. Rh6 Kg7 72. Rh5 Kg6
73. Rh8 Rc3 74. Rh4 Kf7 75. Rh6 Ke7 76. Kg1 Rf3 77. Kh2 Kf7 78. Ra6 Rxf4 79.
Kxh3 Rg4 80. Rb6 Rg8 81. Ra6 Rg6 82. Rxg6 Kxg6 1/2-1/2

[Event "4NCL/Div1/BR-WG1"]
[Site "Rd3-Birmingham"]
[Date "1999.11.20"]
[Round "3.2"]
[White "Emms, John"]
[Black "Burgess, Graham"]
[Result "1-0"]
[WhiteElo "2586"]
[BlackElo "2300"]
[PlyCount "53"]
[EventDate "1999.11.20"]
[SourceDate "2000.01.01"]

1. e4 Nf6 2. e5 Nd5 3. d4 d6 4. Nf3 Bg4 5. Be2 c6 6. c4 Nb6 7. Ng5 Bxe2 8. Qxe2
h6 9. Nf3 dxe5 10. dxe5 e6 11. O-O N8d7 12. Nc3 Qc7 13. Bf4 g5 14. Bg3 Bg7 15.
Ne4 Nc8 16. Rad1 Qa5 17. Qd3 Ncb6 18. Nd6+ Kf8 19. Nxb7 Qxa2 20. Nd6 Qa5 21.
Qe4 Qc5 22. Rd2 Rb8 23. Rfd1 Kg8 24. h4 gxh4 25. Qxh4 Nxe5 26. Bxe5 Bxe5 27. b4
1-0

[Event "4NCL/Div1/BR-WG1"]
[Site "Rd3-Birmingham"]
[Date "1999.11.20"]
[Round "3.3"]
[White "Sherwin, James"]
[Black "Ward, Chris"]
[Result "0-1"]
[WhiteElo "2358"]
[BlackElo "2473"]
[PlyCount "80"]
[EventDate "1999.11.20"]
[SourceDate "2000.01.01"]

1. Nf3 c5 2. e4 d6 3. Bb5+ Bd7 4. Bxd7+ Qxd7 5. O-O Nc6 6. c3 Nf6 7. Qe2 e6 8.
d3 Be7 9. Nbd2 O-O 10. Rd1 Rac8 11. Nf1 Ne5 12. Ne1 Ng6 13. Ng3 d5 14. e5 Ne8
15. Nf3 Nc7 16. Nh5 f5 17. exf6 gxf6 18. Bh6 Rf7 19. d4 c4 20. Re1 Kh8 21. Kh1
a6 22. Rad1 Bd6 23. Nd2 b5 24. f4 Rg8 25. f5 exf5 26. Qf2 f4 27. Re2 Qf5 28. g4
Qxg4 29. Qf3 Qf5 30. Rg1 Nh4 31. Rxg8+ Kxg8 32. Ng3 fxg3 33. Qxf5 Nxf5 34. Be3
Re7 35. Nf1 Bf4 36. hxg3 Bg5 37. Bxg5 Rxe2 38. Bxf6 Re1 39. Kg2 Re2+ 40. Kf3
Rxb2 0-1

[Event "4NCL/Div1/BR-WG1"]
[Site "Rd3-Birmingham"]
[Date "1999.11.20"]
[Round "3.4"]
[White "Levitt, Jon"]
[Black "Cobb, Charles"]
[Result "1-0"]
[WhiteElo "2433"]
[BlackElo "2274"]
[PlyCount "83"]
[EventDate "1999.11.20"]
[SourceDate "2000.01.01"]

1. d4 e6 2. c4 Nf6 3. Nc3 Bb4 4. e3 c5 5. Nge2 cxd4 6. exd4 d5 7. a3 Be7 8. c5
b6 9. b4 O-O 10. g3 a5 11. Rb1 axb4 12. axb4 bxc5 13. dxc5 Na6 14. Bg2 Rb8 15.
Ba3 e5 16. O-O d4 17. Ne4 Nxe4 18. Bxe4 Nc7 19. f4 Nb5 20. Bb2 exf4 21. Nxd4
Nxd4 22. Qxd4 Qxd4+ 23. Bxd4 Rd8 24. Bf2 fxg3 25. hxg3 Ba6 26. Rfe1 Bf6 27. c6
Rdc8 28. Rec1 Rc7 29. Rc5 Bb5 30. g4 Be7 31. Bg3 Bxc6 32. Bxc7 Bxc5+ 33. bxc5
Rxb1+ 34. Bxb1 f6 35. Kf2 Kf7 36. Ke3 g6 37. Be4 Bd7 38. Bf3 h6 39. c6 Bc8 40.
Bd8 f5 41. Bd5+ Ke8 42. g5 1-0

[Event "4NCL/Div1/BR-WG1"]
[Site "Rd3-Birmingham"]
[Date "1999.11.20"]
[Round "3.5"]
[White "Ledger, David"]
[Black "Pein, Malcolm"]
[Result "0-1"]
[WhiteElo "2240"]
[BlackElo "2436"]
[PlyCount "106"]
[EventDate "1999.11.20"]
[SourceDate "2000.01.01"]

1. e4 e6 2. d3 d5 3. Qe2 Nc6 4. Nf3 dxe4 5. dxe4 e5 6. Nc3 Nf6 7. Bg5 Bb4 8.
Rd1 Bxc3+ 9. bxc3 Qe7 10. Qe3 O-O 11. Bb5 Nd8 12. Bxf6 Qxf6 13. Qc5 c6 14. Bc4
Bg4 15. Rd6 Qf4 16. Qxe5 Qc1+ 17. Rd1 Qxc2 18. Bb3 Qb2 19. O-O Bxf3 20. gxf3 a5
21. Qd4 a4 22. Rd2 Qa3 23. Bc4 b5 24. Be2 Ne6 25. Qb4 Qxb4 26. cxb4 Rfd8 27.
Rfd1 Kf8 28. Kf1 Ke7 29. Ke1 g5 30. Rc1 Rxd2 31. Kxd2 Kd6 32. Ke3 Rb8 33. Rd1+
Ke7 34. Rc1 Kd6 35. Rd1+ Kc7 36. Rc1 Kb6 37. Rd1 Kc7 38. Rc1 Kd7 39. Bf1 Nf4
40. Rc5 f6 41. Rf5 Re8 42. Kd4 Re6 43. e5 Rxe5 44. Rxe5 fxe5+ 45. Kxe5 Ke7 46.
a3 h6 47. Kf5 Nd5 48. Bd3 Kd6 49. Bc2 c5 50. bxc5+ Kxc5 51. Kg6 Kc4 52. Kxh6 b4
53. Bb1 Nc3 0-1

[Event "4NCL/Div1/BR-WG1"]
[Site "Rd3-Birmingham"]
[Date "1999.11.20"]
[Round "3.6"]
[White "Littlewood, Paul"]
[Black "Collier, David"]
[Result "1/2-1/2"]
[WhiteElo "2411"]
[BlackElo "2215"]
[PlyCount "67"]
[EventDate "1999.11.20"]
[SourceDate "2000.01.01"]

1. d4 Nf6 2. c4 e6 3. Nf3 Bb4+ 4. Bd2 a5 5. e3 b6 6. Bd3 Bb7 7. a3 Bxd2+ 8.
Nbxd2 d6 9. O-O Nbd7 10. b4 axb4 11. axb4 O-O 12. Qc2 c5 13. Rxa8 Qxa8 14. Qb2
Qc8 15. Rb1 Qc7 16. bxc5 dxc5 17. Ne5 Rb8 18. f4 Ba8 19. Qc2 h6 20. Be2 Qd6 21.
Qc3 Rc8 22. Qb2 Rd8 23. Bf3 cxd4 24. exd4 Bxf3 25. Ndxf3 Qc7 26. Qb4 Rc8 27.
Ra1 Nxe5 28. fxe5 Nd7 29. Nd2 Nb8 30. Ra8 Qb7 31. Ra3 Nc6 32. Qb2 Qd7 33. Qxb6
Qxd4+ 34. Qxd4 1/2-1/2